| 000 | 00951nas a2200289 i 4500 | ||
|---|---|---|---|
| 001 | 1609 | ||
| 003 | ES-MaACL | ||
| 005 | 20250217134303.0 | ||
| 007 | t| | ||
| 008 | 950801d19441950mc | | 1 ||re d | ||
| 080 | _a449.49 | ||
| 245 | 0 | 0 |
_aParu _b: l'actualité litteraire intellectuelle et artistique / _c[dir. Odile Pathé]. |
| 260 |
_aMonaco : _bEditions Odile Pathé, _c1944-1950 ( _eCorbeil : _fCrété) |
||
| 300 |
_a11 v. : _bgrab ; _c23 cm. |
||
| 310 | _aMensual | ||
| 362 | 0 | _aN. 1 (1944, janv.)-N. 63 (1950, août/sept.) | |
| 500 | _aNo se publicó de abr. a jun. de 1949. | ||
| 500 | _aNo se publicó de sep. a dic. de 1950. | ||
| 650 | 4 |
_aBibliografía. _910516 |
|
| 700 | 1 |
_aPathé, Odile, _edir. _9194254 |
|
| 700 | 1 |
_aCollinet, Michel, _edir. _939720 |
|
| 785 | 0 | 7 | _aMonde Nouveau |
| 785 | 0 | 7 |
_aMonde nouveau. Paru _d1951-1957 |
| 852 |
_aES-MaACL _jHem-427 |
||
| 866 | 0 | _o(1948),.1951-52(1953). | |
| 999 |
_c1609 _d1609 |
||